Pendidikan budi pekerti

Bibliographic Details
Main Author: Ahmad Sanhaji Muhammad (Author)
Format: Book
Published: Singapura 1963
Subjects:

MARC

LEADER 00000cam a2200000 7i4500
001 0000004587
005 20040315093000.0
008 021118s1963
090 0 0 |a BP167   |b .A35 
100 0 |a Ahmad Sanhaji Muhammad ,   |e author 
245 0 0 |a Pendidikan budi pekerti   |c Ahmad Sanhaji bin Muhammad 
260 2 |a Singapura   |h Pustaka Nasional ,   |c 1963 
300 |a 169 ms. ;   |c 19 sm. 
650 0 |a Ethics 
650 0 |a Islamic ethics 
999 |a 1000057938   |b Book   |c OPEN SHELF (30 DAYS)   |e Gong Badak Campus 
999 |a 1000083508   |b Book   |c OPEN SHELF (30 DAYS)   |e Gong Badak Campus